| 000 | 01002nam a22002657a 4500 | ||
|---|---|---|---|
| 001 | BD-DhSAU 9032 | ||
| 003 | BD-DhSAU | ||
| 005 | 20181205122839.0 | ||
| 008 | 150612b20 bg a||||r|||| 000 0 eng d | ||
| 040 | _aBD-DhSAU | ||
| 082 |
_222 _a634.9 _bJ19 |
||
| 100 |
_aJahan , Ishrat _4Registration No: 10-04176 |
||
| 245 |
_aStructure and composition of Urban greeneries in Dhaka south city Corporation / _c Jahan , Ishrat _bMs Thesis |
||
| 260 |
_aSher-e- Bangla Agricultural University : _bDepartment of Agroforestry and Environmental Science, _c2016. |
||
| 300 |
_ax , 98 p. : _bill. , _c30 cm. |
||
| 504 | _aIncludes bibliographical references. | ||
| 590 | _aShofi | ||
| 650 | _aAgroforestry | ||
| 650 | _a Urban greeneries | ||
| 650 | _a Dhaka south city Corporation | ||
| 700 |
_aHossain, Md. Forhad _eSupervisor |
||
| 700 |
_aJaman , Md. Shahariar _eCo-Supervisor |
||
| 856 |
_uttp://archive.saulibrary.edu.bd:8080/xmlui/handle/123456789/1810 _yOnline Access |
||
| 942 |
_2ddc _cTHESIS |
||
| 999 |
_c14088 _d14087 |
||